Special events : (Record no. 362146)
[ view plain ]
| 000 -LEADER | |
|---|---|
| fixed length control field | 00578nam a2200157Ia 4500 |
| 008 - FIXED-LENGTH DATA ELEMENTS--GENERAL INFORMATION | |
| fixed length control field | 190920s9999 xx 000 0 und d |
| 020 ## - INTERNATIONAL STANDARD BOOK NUMBER | |
| International Standard Book Number | 978-0-471-73831-2 |
| 100 ## - MAIN ENTRY--PERSONAL NAME | |
| Personal name | Goldbatt, Joe |
| 245 ## - TITLE STATEMENT | |
| Statement of responsibility, etc | Joe Goldblatt.-- |
| Title | Special events : |
| Remainder of title | the roots and wings of celebration/ |
| 250 ## - EDITION STATEMENT | |
| Edition statement | 5th ed. |
| 260 ## - PUBLICATION, DISTRIBUTION, ETC. (IMPRINT) | |
| Place of publication, distribution, etc | Hoboken, N.J. : |
| Name of publisher, distributor, etc | John Wiley & Sons |
| Date of publication, distribution, etc | 2008 |
| 300 ## - PHYSICAL DESCRIPTION | |
| Extent | 498 pages : |
| Other physical details | colored illustrations |
| 500 ## - GENERAL NOTE | |
| General note | Includes appendices and index. |
| 650 ## - SUBJECT ADDED ENTRY--TOPICAL TERM | |
| Topical term or geographic name as entry element | Special events -- Management. |
| 650 ## - SUBJECT ADDED ENTRY--TOPICAL TERM | |
| Topical term or geographic name as entry element | Special events -- Management. SOCIAL SCIENCE -- Holidays (non-religious) |
No items available.